| 000 | 00670nam a2200229 a 4500 | ||
|---|---|---|---|
| 001 | 56881 | ||
| 003 | BD-RjUL | ||
| 005 | 20211209080439.0 | ||
| 008 | 161204s2008 ii 001 0 eng | ||
| 020 | _a8126131675 | ||
| 035 | _a(BD-RjUL)57005 | ||
| 040 |
_aDLC _cDLC _beng _dBD-RjUL |
||
| 041 | _aeng | ||
| 082 |
_223 _a297.082 _bSTA 2008 |
||
| 245 | 0 | 0 |
_aStatus of Muslim women in India / _cedited by M Mukarram Ahmed |
| 260 |
_aNew Delhi : _bAnmol Publications, _c 2008. |
||
| 300 |
_axv, 329 p. ; _c22 cm. |
||
| 504 | _aIncludes Bibliographical References and Index | ||
| 650 |
_aWoman _9169100 _xIslam |
||
| 700 |
_aAhmed, M Mukarram _9169101 |
||
| 942 |
_2ddc _cBK |
||
| 999 |
_c56881 _d56881 |
||